| 000 | 00000nas 2200000za 4500 |
| 001 | 9.846226 |
| 003 | CaOODSP |
| 005 | 20221107153141 |
| 007 | cr ||||||||||| |
| 008 | 171027d19891991oncar p or f0###b0fre|d |
| 040 | |aCaOODSP|bfre |
| 041 | |aeng|afre |
| 043 | |an-cn--- |
| 086 | 1 |aR32-119-PDF|zR5-471/1989-PDF |
| 245 | 00|aIndian/Inuit management courses |h[ressource électronique] = |bCours en gestion pour les Indiens et les Inuit. |
| 246 | 11|aCours en gestion pour les Indiens et les Inuit |
| 260 | |aOttawa : |bFormation et perfectionnement en gestion des Indiens et des Inuit, |c[19---1991] |
| 310 | |aAnnuel |
| 362 | 0 |aNe paraît plus après 1991/1992. |
| 500 | |aÉdition numérisée de l’imprimé [par Affaires autochtones et du Nord Canada]. |
| 546 | |aTexte en anglais et en français. |
| 692 | 07|2gccst|aAutochtones |
| 692 | 07|2gccst|aFromation professionnelle |
| 710 | 1 |aCanada. |bAffaires indiennes et du Nord Canada. |
| 785 | 00|tIndian/Inuit training opportunities |w(CaOODSP)9.846202 |
| 785 | 00|tGovernment training initiatives for First Nations |w(CaOODSP)9.846241 |
| 791 | |tIndian/Inuit management courses |eeng|w(CaOODSP)9.846225 |